Instant notes on psychology introduction to psychological testing (Record no. 393688)

MARC details
000 -LEADER
fixed length control field 00583 a2200205 4500
005 - DATE & TIME
control field 20260130163752.0
008 - FIXED-LENGTH DATA ELEMENTS--GENERAL INFORMATION
fixed length control field 260129b |||||||| |||| 00| 0 eng d
020 ## - ISBN
International Standard Book Number 9780091581879
Price Rs. 2495.00
040 ## - CATALOGING SOURCE
Original cataloging agency VIVEKANANDA LIBRARY
082 ## - DDC NUMBER
Classification number 150.287
Book Number R73I
100 ## - MAIN ENTRY--PERSONAL NAME
Personal name Roshan, Lal
245 ## - TITLE STATEMENT
Title Instant notes on psychology introduction to psychological testing
260 ## - PUBLICATION, DISTRIBUTION, ETC. (IMPRINT)
Name of publisher, distributor, etc Psycho Information Technologies
Date of publication, distribution, etc 2024
Place of publication, distribution, etc New Delhi
300 ## - PHYSICAL DESCRIPTION
Pages 308
650 ## - Subject
Subject Psychology
650 ## - Subject
Subject Psychological Measurement
650 ## - Subject
Subject Psychological Testing
700 ## - Added Entry Personal Name
Added Entry Personal Name Elina, Monty
942 ## - ADDED ENTRY ELEMENTS (KOHA)
Koha item type Books
Holdings
Withdrawn status Lost status Source of classification or shelving scheme Damaged status Not for loan Location (home branch) Sublocation or collection (holding branch) Shelving location Date acquired Koha issues (times borrowed) Koha full call number Accession No. Koha date last seen Koha item type
    Dewey Decimal Classification     VIVEKANANDA LIBRARY VIVEKANANDA LIBRARY Vivekananda Library 03/12/2025   150.287 R73I 443389 03/12/2025 Books
© Designed and Maintained by Vivekananda Library, MDU Rohtak